000 00316nam a2200133Ia 4500
005 20260326100044.0
008 260326s9999||||xx |||||||||||||| ||und||
100 _aBidault, Jacques
245 0 _aL' Homme et la tente /
_cJacques Bidault
260 _bJ. Susse
300 _a338 p.
650 _aHISTORIA
942 _cBK
999 _c7132
_d7132